000 00491nam a2200169Ia 4500
999 _c22183
_d22183
003 OSt
005 20200515090733.0
008 190216s9999||||xx |||||||||||||| ||und||
040 _coclc
082 _a297
_bULF/I
100 _aUlfath
_92269
245 0 _aIslam And Christianity /
_cUlfath
260 _bIslamic Book Service,
_c1986.
_aNew Delhi:
300 _a139p
650 0 _aHistory & geography
_vIslamic History
_92271
942 _cBK
_2ddc
_h297
_iULF/I
_k297
_mULF/I